Black Logos - Statistics

General Stats
  • This quiz has been taken 307 times
    290 since last reset
  • The average score is 20 of 32
Answer Stats
Picture Answer % Correct
Nike
99%
Adidas
95%
Puma
88%
Gucci
87%
Honda
87%
Disney
82%
Chanel
81%
Louis Vuitton
80%
Playboy
80%
BBC
76%
Under Armour
75%
Cartoon Network
74%
Air Jordan
73%
Nestle
73%
Warner Bros
68%
Dolby
66%
Bentley
65%
Converse
65%
Motorola
63%
The New York Times
60%
Yamaha
58%
Umbro
56%
CBS
54%
American Express
46%
Lincoln
44%
Timberland
43%
Acura
39%
Swarovski
38%
TiVo
25%
Starter
24%
Air New Zealand
16%
Half-Life
13%
No matching quizzes found
Score Distribution
Percent of People with Each Score
Percentile by Number Answered
Your Score History
You have not taken this quiz since the last reset